000 00750nam a2200217Ia 4500
003 GCL
008 140319s9999 xx 000 0 ara d
040 _aGCL /
_cGCL
082 0 4 _a966
_bهـ ج
100 1 _aالهام محمد على ذهنى
245 1 0 _aجهاد الممالك الاسلامية فى غرب افريقيا ضد الاستعمار الفرنسى (1850 ـ 1914) /
_cالهام محمد على ذهنى
260 _a[S.N] :
_bدار المريخ للنشر ،
_c1988
300 _a271 ص
490 _a
650 0 4 _aالتاريخ الاسلامى
650 0 4 _aالتاريخ
650 0 4 _aالاستعمار الفرنسى
650 0 4 _aافريقيا
650 0 4 _aافريقيا الغربية
942 _2ddc
_cBK
999 _c32627
_d32627